Acara mal Wilayah Persekutuan, Kedah dan Kelantan : satu kajian dan perbandingan /
Saved in:
| 主要作者: | |
|---|---|
| 格式: | Thesis |
| 語言: | English |
| 出版: |
Petaling Jaya
: Universiti Islam Antarabangsa Malaysia,
1988
|
| 主題: | |
| 在線閱讀: | http://studentrepo.iium.edu.my/handle/123456789/1957 |
| 標簽: |
添加標簽
沒有標簽, 成為第一個標記此記錄!
|
| LEADER | 011180000a22002650004500 | ||
|---|---|---|---|
| 001 | 61994 | ||
| 005 | 20070531234000.0 | ||
| 008 | 930128s1988 eng | ||
| 035 | |a 232645 | ||
| 035 | |a (Sirsi) 61994 | ||
| 040 | |a UIAM |b eng | ||
| 049 | |b m | ||
| 050 | |a BP158.3A2 | ||
| 100 | 0 | |a Ishak Abdullah, Haji | |
| 245 | 1 | 0 | |a Acara mal Wilayah Persekutuan, Kedah dan Kelantan : |b satu kajian dan perbandingan / |c oleh Haji Ishak bin Haji Abdullah |
| 260 | 1 | |a Petaling Jaya |b : Universiti Islam Antarabangsa Malaysia, |c 1988 | |
| 300 | |a 106 p. | ||
| 502 | |a (D.A.I.J.)--Universiti Islam Antarabangsa Malaysia, 1988 | ||
| 596 | |a 1 | ||
| 650 | 0 | |a Civil procedure (Islamic law) | |
| 856 | |u http://studentrepo.iium.edu.my/handle/123456789/1957 | ||
| 900 | |a arr-imj-bal071093-hm | ||
| 999 | |c 430051 |d 461542 | ||
| 952 | |0 0 |6 LU T BP158.3 A2I79A 1988 |7 0 |8 THESES |9 749116 |a IIUM |b IIUM |c CLOSEACCES |g 0.00 |o lu t BP158.3 A2I79A 1988 |p 00010981880 |r 2017-10-24 |t 1 |v 0.00 |y THESIS | ||
| 952 | |0 0 |6 T BP158.3 A2I79A 1988 |7 0 |8 THESES |9 749117 |a IIUM |b IIUM |c MULTIMEDIA |g 0.00 |o t BP158.3 A2I79A 1988 |p 00000104070 |r 2017-10-17 |t 2 |v 0.00 |y THESIS | ||
